Представление документа в формате RUSMARC

ПолеНазваниеЗначение
  Тип записи c
  Библиографический уровень m
001 Контрольный номер RU/УОНБ/EK_N/483983472
005 Дата корректировки 20251119190928.6
010 Индекс ISBN __
9 Тираж 5500 экз.
013 Номер (ISMN) __
d Цена 80 к.
071 Издательские номер (звукозапись и ноты) 21
a Номер, присвоенный агентством 6045
100 Данные общей обработки __
a Данные общей обработки 20150503d1982 u y0rusy0189||||ca
101 Язык документа 0_
a Язык текста rus
f Язык титульного листа rus
102 Страна публикации __
a Страна публикации RU
105 Кодированные данные (монография) __
a Кодированные данные (монография) y###||||000|y
125 Кодированные данные звукозаписи и нотных изданий __
a Форма изложения нотного текста с|
128 Кодированные данные (звукозаписи-физические характеристики) __
a Кодированные данные: Музыкальная форма и тональность или лад zz
c Инструменты или голоса, рекомендуемые для солистов (устаревшее) kt||
200 Заглавие и сведения об ответственности 1_
a Заглавие Вып. 10
b Общее обозначение материала Ноты
f Первые сведения об ответственности сост. и исполн. ред. Ф. Липса
210 Выходные данные 1_
d Дата издания 1982
215 Физическое описание __
a Объем 51 с.
327 Примечание о содержании 11
a Примечание о содержании Содерж. : Подгорный В. Прелюдия. - Золотарев В. Три пьесы : Хоральная прелюдия ; В подражание Мусоргскому ; Народный танец. - Нагаев А. Детская сюита № 2 : Колыбельная кукле ; Купили игрушку ; Шарманка играет ; Восточная сказочка ; Смелый наездник. - Наймушин Ю. Два канона. - Меркушин В. Маленькая сюита : Зимняя песня ; Андантино ; Скоморошина ; Колыбельная ; Финал. - Липа вековая : рус. нар. песня / обраб. М. Панкина. - Ваталинка : сибирская шуточная / обраб. А. Бызова. - Бызов А. Русские зарисовки : Блины ; Собирались красны девицы ; Колыбельная ; Сани.
461 Уровень набора _0
1 001RU/УОНБ/EK_N/483976872
1 200
a Готово-выборный баян в музыкальном училище
b Ноты
v Вып. 10
1 210
a М.
c Советский композитор
d 1973 -
464 Аналитический уровень _0
1 2001
a Прелюдия
1 700 1
a Подгорный
b В.
4 230
464 Аналитический уровень _0
1 2001
a Хоральная прелюдия
1 700 1
a Золотарев
b В.
4 230
464 Аналитический уровень _0
1 2001
a Колыбельная кукле
e из Детской сюиты № 2
1 700 1
a Нагаев
b А.
4 230
464 Аналитический уровень _0
1 2001
a Два канона
1 700 1
a Наймушин
b Ю.
4 230
464 Аналитический уровень _0
1 2001
a Зимняя песня
e из Маленькой сюиты
1 700 1
a Меркушин
b В.
4 230
464 Аналитический уровень _0
1 2001
a Липа вековая
e рус. нар. песня
1 702 1
a Панкин
b М.
4 030
464 Аналитический уровень _0
1 2001
a Ваталинка
e сибирская шуточная
1 702 1
a Бызов
b А.
4 030
464 Аналитический уровень _0
1 2001
a Блины
e из Русских зарисовок
1 700 1
a Бызов
b А.
4 230
464 Аналитический уровень _0
1 2001
a В подражание Мусоргскому
1 700 1
a Золотарев
b В.
4 230
464 Аналитический уровень _0
1 2001
a Народный танец
1 700 1
a Золотарев
b В.
4 230
464 Аналитический уровень _0
1 2001
a Купили игрушку
e из Детской сюиты № 2
1 700 1
a Нагаев
b А.
4 230
464 Аналитический уровень _0
1 2001
a Шарманка играет
e из Детской сюиты № 2
1 700 1
a Нагаев
b А.
4 230
464 Аналитический уровень _0
1 2001
a Восточная сказочка
e из Детской сюиты № 2
1 700 1
a Нагаев
b А.
4 230
464 Аналитический уровень _0
1 2001
a Смелый наездник
e из Детской сюиты № 2
1 700 1
a Нагаев
b А.
4 230
464 Аналитический уровень _0
1 2001
a Андантино
e из Маленькой сюиты
1 700 1
a Меркушин
b В.
4 230
464 Аналитический уровень _0
1 2001
a Скоморошина
e из Маленькой сюиты
1 700 1
a Меркушин
b В.
4 230
464 Аналитический уровень _0
1 2001
a Колыбельная
e из Маленькой сюиты
1 700 1
a Меркушин
b В.
4 230
464 Аналитический уровень _0
1 2001
a Финал
e из Маленькой сюиты
1 700 1
a Меркушин
b В.
4 230
464 Аналитический уровень _0
1 2001
a Собирались красны девицы
e из Русских зарисовок
1 700 1
a Бызов
b А.
4 230
464 Аналитический уровень _0
1 2001
a Колыбельная
e из Русских зарисовок
1 700 1
a Бызов
b А.
4 230
464 Аналитический уровень _0
1 2001
a Сани
e из Русских зарисовок
1 700 1
a Бызов
b А.
4 230
512 Заглавие обложки 1_
a Заглавие обложки Готово-выборный баян в музыкальном училище
606 Тематические рубрики 0_
a Основная рубрика Готово-выборный баян
x Основная подрубрика Педагогический репертуар музыкальных училищ
610 Ключевые слова 0_
a Ключевые слова готово-выборный баян
610 Ключевые слова 0_
a Ключевые слова педагогический репертуар музыкальных училищ
686 Индексы других классификаций __
a Классификационный индекс 85.954.698я43
2 Код системы rubbk
702 Вторичная интеллектуальная ответственность _1
a Фамилия Липс
b Имя (инициалы) Ф. Р.
4 Код отношения 220
4 Код отношения 340
801 Источник записи _0
a Страна RU
b Организация Ульяновская ОНБ
c Дата составления 20150503
g Правила каталогизации RCR
801 Источник записи _1
a Страна RU
b Организация Ульяновская ОНБ
c Дата составления 20150503
g Правила каталогизации RCR
901 Тип документа __
t Тип документа n
w Контрольный № источника RU/УОНБ/EK_N/483976872
909 Создатель записи __
a Создатель записи Грязнова И. Е.
910 Корректоры записи __
a Корректор записи Васина
938 Служебная информация __
a Имя БД noti
b Имя библиотеки УОНБ
c Имя АИБС МАРК-SQL
d Номер DOC_ID в БД 13175